000 00868nam0a22002531 4500
001 rc\996424
005 20250622071939.0
035 _a(NLR Aleph) 006163264
090 _a5885937
_c5885937
100 _a20041129d1981 |||y0rusy50 ca
101 0 _arus
102 _aRU
105 _ay |||||||||
200 1 _aО роли традиционных вождей в политической жизни Верхней Вольты
210 _aМ.
_cБ. и.
_d1981
215 _a32 с.
_d22
225 1 _aАфрика
_eНауч.-информ. бюл.
_fАН СССР, Ин-т Африки
_v2
700 1 _7ca
_8rus
_aЛазарев
_bЯ. А.
_cдипломат
_f1912-1990
_gЯков Аркадьевич
_9221369
_3RU\NLR\AUTH\770221425
801 0 _aRU
_bNLR
_gpsbo
801 1 _aRU
_bELAR
_2rusmarc
852 _aNLR
_jП22/2619
942 _cBOOK
980 _aNB